00654nam a2200193 i 4500001000700000003000900007005001700016007000300033008004100036080001300077100001700090245017900107260005100286300004000337650002100377650001100398700002900409852002200438122647ES-MaACL20250812031624.0t|070214s1955 mx af |||| | spa d a7(399.7)1 aPuig, Pilar.14aLos mayas en su esplendor b: colección de 29 dibujos originales del viejo imperio maya / ccon pies y texto de la pintora Pilar Puig ; prólogo de Vladimiro Rosado Ojeda. aMéxico : bFournier : bUniversidad, c1955. a21 p., 29 lám. : bil. ; c33 cm. 7aArte maya2embne04aMayas.1 aRosado Ojeda, Vladimiro. aES-MaACLjC-11150